College algebra and trigonometry (Record no. 9561)

000 -LEADER
fixed length control field 00513nam a2200205 a 4500
001 - CONTROL NUMBER
control field 9561
003 - CONTROL NUMBER IDENTIFIER
control field BD-DhUET
008 - FIXED-LENGTH DATA ELEMENTS--GENERAL INFORMATION
fixed length control field 810720s1981 nyua 001 0 eng
020 ## - INTERNATIONAL STANDARD BOOK NUMBER
International Standard Book Number 0124178405
040 ## - CATALOGING SOURCE
Original cataloging agency DLC
Transcribing agency DLC
Modifying agency BD-DhUET
082 00 - DEWEY DECIMAL CLASSIFICATION NUMBER
Classification number 512
Item number KOL/1981
100 ## - MAIN ENTRY--PERSONAL NAME
Personal name Kolman, Bernard
245 10 - TITLE STATEMENT
Title College algebra and trigonometry
250 ## - EDITION STATEMENT
Edition statement 1st ed.
260 ## - PUBLICATION, DISTRIBUTION, ETC. (IMPRINT)
Place of publication, distribution, etc. New York
Name of publisher, distributor, etc. Academic Press
Date of publication, distribution, etc. 1981
300 ## - PHYSICAL DESCRIPTION
Extent xvi, 506+96 p.
Other physical details ill.
Dimensions 27 cm.
650 #0 - SUBJECT ADDED ENTRY--TOPICAL TERM
Topical term or geographic name as entry element Algebra
700 ## - ADDED ENTRY--PERSONAL NAME
Personal name Shapiro, Arnold
942 ## - ADDED ENTRY ELEMENTS (KOHA)
Koha item type General Book
Holdings
Not for loan Piece designation (barcode) Sublocation or collection (holding branch) Shelving location Koha date last seen Price effective from Copy number Koha normalized classification for sorting Withdrawn status Koha full call number Koha item type Date acquired Damaged status Location (home branch) Source of classification or shelving scheme Lost status
 71820Central Library, BUETCirculation section2015-01-312015-01-311512_000000000000000_KOL_1981 512/KOL/1981General Book2015-01-31 Central Library, BUET  
 72003Central Library, BUETCirculation section2015-01-312015-01-312512_000000000000000_KOL_1981 512/KOL/1981General Book2015-01-31 Central Library, BUET